Countries beginning with Country - Statistics

General Stats
  • This quiz has been taken 52 times
    34 since last reset
  • The average score is 33 of 49
Answer Stats
Answer % Correct
Oman
93%
Yemen
93%
Turkey
83%
United Kingdom
83%
Uruguay
83%
Canada
79%
Chile
79%
Rwanda
79%
Turkmenistan
79%
United States
79%
China
76%
Trinidad And Tobago
76%
Colombia
72%
North Korea
72%
Norway
72%
Russia
72%
Tonga
72%
Uganda
72%
Ukraine
72%
Uzbekistan
72%
Croatia
69%
Niger
69%
Nigeria
69%
Tajikistan
69%
Togo
69%
Cambodia
66%
Czech Republic
66%
Namibia
66%
Nicaragua
66%
Romania
66%
Thailand
66%
United Arab Emirates
66%
Chad
62%
Comoros
62%
Costa Rica
62%
Cuba
62%
Cyprus
62%
Nauru
62%
Nepal
62%
Cameroon
55%
Cape Verde
55%
Netherlands
55%
New Zealand
55%
Tanzania
55%
Tuvalu
55%
Central African Republic
52%
Republic Of The Congo
52%
Tunisia
48%
Taiwan
41%
No matching quizzes found
Score Distribution
Percent of People with Each Score
Percentile by Number Answered
Your Score History
You have not taken this quiz since the last reset